| 000 | 00958cam a22003251 4500 | ||
|---|---|---|---|
| 001 | 105579 | ||
| 005 | 20230410132940.0 | ||
| 008 | 751014s2002 wiua b 000 0 eng | ||
| 035 | _9(DLC) 63018917 | ||
| 035 | _a8446150 | ||
| 010 | _a 63018917 | ||
| 020 | _a9780895554697 | ||
| 035 | _a(OCoLC)1702340 | ||
| 040 |
_aDLC _cTxDaU _dDLC |
||
| 042 | _apremarc | ||
| 050 | 1 | 4 |
_aB 29 _bS949i 2002 |
| 082 | 0 | 0 | _a100 |
| 100 | 1 |
_aSullivan, Daniel J. _q(Daniel James), _d1909- |
|
| 245 | 1 | 3 |
_aAn introduction to philosophy : _bthe perennial principles of the classical realist tradition / _cby Daniel J. Sullivan. |
| 250 | _aRev. ed. | ||
| 260 |
_aCharlotte, : _bTAN Books _c2002 |
||
| 300 |
_a299 p. ; _c22 cm. |
||
| 504 | _aBibliography: p. 305-314. | ||
| 650 | 0 |
_aPhilosophy _xIntroductions |
|
| 650 | 4 | _aFilosofĂa. | |
| 650 | 4 | _aPrimera Jornada de Catalogacion. | |
| 942 |
_2lcc _cbk |
||
| 985 | _eOCLC REPLACEMENT cdsdistr | ||
| 946 | _aNBM | ||
| 999 |
_c90715 _d90715 |
||